Tekst piosenki "Snowman" SIA (refren) - Statystyki

Ogólne statystyki
  • Ten quiz został rozwiązany 33 razy
  • Średni wynik to 13 z 18
Statystyki odpowiedzi
Tekst Luka % Poprawnych
Cause I'm Mrs. _____ Snow
100%
So come on let's ___, let's ____ go
90%
I want you to ____ know
90%
My _______ and me snowman
87%
My _______ and me snowman
87%
I love you ______ forever
83%
where we'll have some _____ fun
80%
That I'm never _____ leaving
80%
hide from the _____ sun
80%
below _____ and zero
80%
for all _____ seasons
73%
Yeah you are my _____, my _____ home
70%
It's ________, baby Christmas
67%
Please don't _____ cry
57%
'till _____ we'll be freezing death
57%
Yes, let's hit the ______ North Pole
57%
no ______ now tears
57%
and live ______ hapilly
33%
Nie znaleziono quizów pasujących do podanych kryteriów
Rozkład punktacji
Procent ludzi z każdym wynikiem
Percentyl według liczby udzielonych odpowiedzi
Twoja historia wyników
Nie rozwiązałeś tego quizu